| 000 | 01360nam a2200325 a 4500 | ||
|---|---|---|---|
| 001 | BRL_115 | ||
| 005 | 20190320210609.0 | ||
| 008 | 870723s1986 mx-af#####---#000-0#spa-# | ||
| 020 | _a9686126015 | ||
| 040 |
_aDLC _cDLC _dDLC |
||
| 041 | _aspaeng | ||
| 044 | _amx | ||
| 050 | 4 |
_aND259.R5 _b.H47 1986 |
|
| 100 | 1 |
_aHerner de Larrea, Irene _922949 |
|
| 245 | 1 | 0 |
_aDiego Rivera, paraíso perdido en Rockefeller Center _cIrene Herner de Larrea ; cap. V, Gabriel Larrea ; cap. VI, Rafael Angel Herrerías ; prólogo, Carlos Sirvent. |
| 260 |
_aMéxico _bEDICUPES _c1986 |
||
| 300 |
_a216 p. _bil. (algunas a color), 51 láminas _c34 cm. |
||
| 500 | _aEste libro se publica gracias al convenio realizado entre la Facultad de Ciencias Políticas y Sociales de la UNAM y EDICUPES, S.A. de C.V., con motivo del centenario del natalicio de Diego Rivera. | ||
| 500 | _aCapítulo IV Hemerografía (p. 65-193) contiene artículos de periódicos en español e inglés. | ||
| 500 | _aAu145 | ||
| 504 | _aBibliografía: p. 215-216. | ||
| 600 | 1 | 4 |
_aRivera, Diego _d1886-1957 _xFuentes _922950 |
| 610 | 2 | 4 |
_aRockefeller Center _922951 |
| 650 | 1 | 4 |
_aPintura mural mexicana _ySiglo XX _zNueva York _922952 |
| 700 | 1 |
_aLarrea, Gabriel _922953 |
|
| 700 | 1 |
_aHerrerías, Rafael Angel _922954 |
|
| 700 | 1 |
_aSirvent, Carlos _eprol. _922955 |
|
| 902 | _aGRL | ||
| 942 |
_2lcc _cB |
||
| 999 |
_c8928 _d8928 |
||